| 000 | 00479nam a2200169Ia 4500 | ||
|---|---|---|---|
| 008 | 190912s9999 xx 000 0 und d | ||
| 100 | _aRomero, Paolo | ||
| 245 | _aDoes Rody still want emergency powers?/ | ||
| 245 | _cPaolo Romero | ||
| 260 | _bThe Philippine Star | ||
| 260 | _c2017 | ||
| 300 | _aJuly 24 | ||
| 440 | _aThe Philippine Star | ||
| 650 | _aemergency power bill | ||
| 650 | _aPolitics -- Philippines | ||
| 650 | _aRodrigo Duterte -- President -- Philippines | ||
| 999 |
_c362101 _d362101 |
||